000 00428nam a22001337a 4500
020 _a9780754823865
040 _cNUST
082 _aREF 623.746047 CRO
100 _aCrosby, Francis
_9109896
245 _aThe World Encyclopedia of Military Helicopters :
_bFeaturing Over 80 Helicopters with 520 Historical and Modern Photographs
260 _aLONDON
_bANNESS
_c2016
650 _aMilitary Helicopters
_948897
942 _2ddc
_cBK
999 _c593534
_d593534